Images That Start with 'C' III Quiz Stats

 Plays Quiz Updated Nov 8, 2017

Score 0/20 Timer 04:00
2 Plays Today
% Correct
crucifix
97.4%
compass
95.8%
cleft chin
95.6%
crow
95.5%
clover
94.6%
champagne
93.5%
catfish
90.3%
coral
89.1%
canal
87%
chainsaw
84.2%
% Correct
cougar
82.5%
cocktail
82.2%
curtain
80.5%
corridor
75%
crescent
74.8%
clamp
72.3%
canvas
71.6%
crane
66.7%
concrete
60%
chestnuts
50%

You're not logged in!

Compare scores with friends on all Sporcle quizzes.
OR
Log In

Show Comments

Extras

Top Quizzes Today


Score Distribution

Your Account Isn't Verified!

In order to create a playlist on Sporcle, you need to verify the email address you used during registration. Go to your Sporcle Settings to finish the process.

Report this User

Report this user for behavior that violates our Community Guidelines.

Details: